000
00302nam a22001217a 4500
008
230704b xxu||||| |||| 00| 0 eng d
020
_a
9966961615
082
_a
342.02
_b
NGU 2000
245
_a
Write Your Country's New Constitution
260
_b
Kiriro wa Ngugi
_c
2000
300
_a
72p
942
_2
ddc
_c
BK
999
_c
3652
_d
3652